Understanding augmented reality : concepts and applications

Αποθηκεύτηκε σε:
Λεπτομέρειες βιβλιογραφικής εγγραφής
Κύριος συγγραφέας: Craig, Alan B.
Μορφή: Βιβλίο
Γλώσσα:English
Δημοσίευση: Amsterdam, Boston : Elsevier, Morgan Kaufmann, 2013
Θέματα:
Ετικέτες: Προσθήκη ετικέτας
Δεν υπάρχουν, Καταχωρήστε ετικέτα πρώτοι!

MARC

LEADER 00000nam a2200000 i 4500
001 1/56751
008 140922s2013 eng d
020 |a 978-0-240-82408-6 
035 |l 10119233 
040 |a GR-MY-UA  |b gre  |e aacr 
041 0 |a eng 
082 0 |a 006.8  |2 (23) 
100 1 |a Craig, Alan B. 
245 1 0 |a Understanding augmented reality :  |b concepts and applications /  |c Alan B. Craig 
260 |a Amsterdam, Boston :   |b Elsevier, Morgan Kaufmann,   |c 2013 
300 |a xxiv, 272 σ.;  |b εικ.;  |c 24 εκ. 
504 |a Περιλαμβάνει βιβλιογραφικές παραπομπές και ευρετήριο 
650 0 0 |a Augmented reality. 
650 0 0 |a Computer graphics. 
650 0 0 |a Virtual reality. 
650 0 0 |a Human-computer interaction. 
852 |a INST  |b RHODES  |e 20140922  |h 006.8 CRA  |p 005400036849  |q 005400036849  |t BK  |y 0 
901 |a BIBL4-2014-3 
909 |a Ρ  |b 189229 
922 |a 4ΕΛΗ  |b 201405  |c ΤΑΚ/ΤΕΠΑΕΣ  |d ΔΙΑΔΡΟΜΕΣ 
970 |z 2014/09/22